| 000 | 00383nam a22001697a 4500 | ||
|---|---|---|---|
| 003 | CEME | ||
| 005 | 20210628203510.0 | ||
| 008 | 210420b xxu||||| |||| 00| 0 eng d | ||
| 020 | _a981-3091-27-4 | ||
| 040 | _c. | ||
| 082 | _a004 COB'M | ||
| 100 |
_aCobb, Douglas _965834 |
||
| 245 | _aMastering symphony | ||
| 260 |
_aSINGAPORE _bTP _c1988 |
||
| 300 | _a857P | ||
| 942 |
_cBK _2ddc |
||
| 999 |
_c573933 _d573933 |
||